000 01066 a2200217 4500
020 _a0852929404 (paperback)
020 _a9780852929407 (paperback)
082 0 4 _a658
090 _c4763
_d4763
100 1 _aGennard, John.
245 1 0 _aEmployee relations /
_cJohn Gennard, Graham Judge.
250 _a3rd ed.
260 _a[S.l.] :
_bChartered Institute of Personnel & Development,
_c2002.
300 _a499 p. ;
_c25 cm.
490 1 _aPeople & organizations.
520 _aIn the third edition of this acclaimed student text, the CIPD's chief examiner John Gennard and associate examiner Graham Judge consider the corporate environment, major institutions and best practices. They have taken full account of the new CIPD Professional Development Standards designed to produce employee relations professionals who are business-focused and thinking performers.
700 1 _aJudge, Graham.
830 0 _aPeople & organizations.
856 4 0 _3Amazon.com
_uhttp://www.amazon.com/exec/obidos/ASIN/0852929404/chopaconline-20
942 _aNBS
_cBK
_k658.30094 GEN
999 _c347194
_d347194